000 00802nam a22002777a 4500
003 OSt
005 20150511102927.0
008 130131t xxu||||| |||| 00| 0 eng d
020 _a9715843646
020 _a9789715843645
050 _aJQ 1431
_b.D188 2004
082 _aFIL 320.4599
_b.D188 2004
100 _aDannug, Roman R.
245 _aPolitics, governance and government with Philippine constitution
_cRoman R. Dannug, Marlo B. Campanilla.
250 _a2nd ed.
260 _aQuezon City:
_bC & E Publishing, Inc.,
_c2004.
300 _a567 pages :
_billustrations ;
_c22 cm.
526 _c1210L-1700L
562 _e3
650 _aPolitics
_zPhilippines.
650 _aPhilippine Constitution.
942 _2lcc
_cBK
_kFIL
999 _c283931
_d283931